The analysis of foods /

Bibliographic Details
Main Author: Winton, Andrew Lincoln, 1864-1946
Other Authors: Winton, Kate Grace Barber, 1882-
Format: Book
Language:English
Published: New York : London : J. Wiley & sons, inc.; Chapman & Hall, ltd., [1945]
Subjects:

MARC

Tag First Indicator Second Indicator Subfields
LEADER 00000cam a2200000 4500
001 in00000044020
005 20151007065058.0
008 750909s1945 nyu b 00000 eng u
010 |a  45004502  
035 |a (OCoLC)01612428 
035 |9 AAE1234AM 
040 |c WSU  |d TXA  |d UtOrBLW 
049 |a TXAM  |c [124973] 
050 0 |a TX541  |b .W48 
082 0 |a 543.1 
092 |a 543.1  |b W793a 
100 1 |a Winton, Andrew Lincoln,  |d 1864-1946. 
245 1 4 |a The analysis of foods /  |c by Andrew L. Winton ... and Kate Barber Winton ... With 208 illustrations. 
264 1 |a New York :  |b J. Wiley & sons, inc.;  |a London :  |b Chapman & Hall, ltd.,  |c [1945] 
300 |a xii, 999 pages :  |b illustrations, diagrams ;  |c 23 cm. 
336 |a text  |b txt  |2 rdacontent 
337 |a unmediated  |b n  |2 rdamedia 
338 |a volume  |b nc  |2 rdacarrier 
500 |a Text on lining-papers. 
504 |a Includes bibliographical references. 
650 0 |a Food  |x Analysis. 
700 1 |a Winton, Kate Grace Barber,  |d 1882- 
999 |a MARS 
999 f f |s fccc71c0-1c74-3f7d-b777-04170cb90d43  |i 3dc2e8ff-a124-3cf2-a8b8-8d50641c6d14  |t 0 
952 f f |p ric  |a Texas A&M University  |b Rellis Campus  |c Joint Library Facility  |d Remote Storage  |t 0  |e TX541 .W48  |h Library of Congress classification  |i unmediated -- volume  |m A14800939468 
998 f f |a TX541 .W48  |t 0  |l Remote Storage